LEADER 00825nam a2200217 i 4500 001 000000159845 003 CaOOAMICUS 005 20251113162157.0 008 070305s1991 it u000 u ita u 013 $a137208 040 $aSeMil$bita 245 13$aLa Certosa di Pavia. 260 $aNovara :$bIstituto Geografico De Agostini,$c1991. 300 $a111 p. :$briccamente ill. ;$c27 cm. 650 4$aPavia - Certosa - Monastero-santuario Santa Maria delle Grazie.$0(OLS)http://semarc/subject/11138 850 $aSeMil 852 $aSeMil$W1$xVenegono$y1$m5X VI 1$j111363$B111363$CSeMilBibl$Z2$F122026 $81 961 $aOmaggio: Altro 996 $6245$aLa Certosa di Pavia$9(OLS)http://semarc/title/83968 996 $6260$aNovara :$bIstituto Geografico De Agostini$9(OLS)http://semarc/publisher/31865 LEADER 00984nam a2200181 i 4500 001 000000215147 003 CaOOAMICUS 005 20120814000000.0 008 120814s1878 it u000 u lat u 013 $a194019 040 $aSeMil$bita 245 10$aTractatus 11., De bonitate et malitia humanorum actuum ; tractatus 12., De irtutibus ; Arbor praedicamentalis virtutum. 300 $a532 p. 773 0 $aCarmelitani Scalzi : Collegio salmantino$tCollegii Salmanticensis Fr. Discalceatorum B. Mariae de Monte Carmeli ... Cursus theologicus Summam Theologicam angelici doctoris D. Thomae complectens.$dParisiis : apud Victorem Palmé, 1870-1883.$bEditio nova, correcta.$g6$w()27226 850 $aSeMil 852 $aSeMil$W1$xVenegono$y1$m1ZF IV 52 FA$j165568$B165568$CSeMilBibl$Z2$F176540 $8I 961 $aOmaggio: Altro 996 $6245$aTractatus 11., De bonitate et malitia humanorum actuum ; tractatus 12., De irtutibus ; Arbor praedicamentalis virtutum$9(OLS)http://semarc/title/309864